Top 5 Songs On 19 (Adele) - Statistics

General Stats
  • This quiz has been taken 24 times
  • The average score is 4 of 5
Answer Stats
Hint Answer % Correct
450,924,889 Chasing Pavements
100%
174,333,725 Hometown Glory
96%
126,952,502 Daydreamer
92%
922,528,900 Make You Feel My Love
83%
92,228,604 Crazy For You
63%
No matching quizzes found
Score Distribution
Percent of People with Each Score
Percentile by Number Answered
Your Score History
You have not taken this quiz